Concurso, Yo cuento ... tú cuentas, nosotros también contamos. Relatos y poemas seleccionados
-д хадгалсан:
| Үндсэн зохиолч: | |
|---|---|
| Байгууллагын зохиогч: | |
| Формат: | Ном |
| Хэл сонгох: | испани |
| Хэвлэсэн: |
Santiago
Zig-Zag
2006
|
| Хэвлэл: | 1a. ed |
| Нөхцлүүд: | |
| Шошгууд: |
Шошго нэмэх
Шошго байхгүй, Энэхүү баримтыг шошголох эхний хүн болох!
|
MARC
| LEADER | 00000nam a2200000 a 4500 | ||
|---|---|---|---|
| 001 | UCH8468 | ||
| 003 | CL-VaPUC | ||
| 008 | 091127e20060000CL |||||||||||||||||spa|d | ||
| 020 | |a 9561218348 | ||
| 082 | 0 | 4 | |a Ch860.8 |b PIÑ |2 21 |
| 100 | 0 | |a Piña, Juan Andrés |e author |9 545051 | |
| 110 | 2 | |a Fundación Grabiel and Mary Mustakis |e author |9 545052 | |
| 245 | 1 | 0 | |a Concurso, Yo cuento ... tú cuentas, nosotros también contamos. Relatos y poemas seleccionados |
| 250 | |a 1a. ed | ||
| 300 | |a 105 p | ||
| 942 | |c BK | ||
| 945 | |d 20091127 00:00:00 |a lazolas | ||
| 260 | |a Santiago |b Zig-Zag |c 2006 | ||
| 500 | |a En el presente texto se plasman las ideas, los pensamientos y la originalidad de los niños | ||
| 650 | 0 | |a Literatura infantil |9 307465 | |
| 650 | 0 | |a Poesías chilenas |9 265280 | |
| 650 | 0 | |a Cuentos infantiles |9 308044 | |
| 583 | |a last modification |c 20091127 00:00:00 |k Rodrigo Vera | ||
| 999 | |c 338680 |d 338678 | ||